Heavy construction (Record no. 280)

000 -LEADER
fixed length control field 00554nam a2200217 4500
001 - CONTROL NUMBER
control field 280
003 - CONTROL NUMBER IDENTIFIER
control field BD-DhUET
008 - FIXED-LENGTH DATA ELEMENTS--GENERAL INFORMATION
fixed length control field 140719b xxu||||| |||| 00| 0 eng d
020 ## - INTERNATIONAL STANDARD BOOK NUMBER
International Standard Book Number 041554906
040 ## - CATALOGING SOURCE
Transcribing agency 0
Modifying agency BD-DhUET
082 ## - DEWEY DECIMAL CLASSIFICATION NUMBER
Classification number 624.02802
Item number SIN/2009
100 ## - MAIN ENTRY--PERSONAL NAME
Personal name Singh, Jagman
245 ## - TITLE STATEMENT
Title Heavy construction
Remainder of title planning, equipment and methods
250 ## - EDITION STATEMENT
Edition statement 3rd ed.
260 ## - PUBLICATION, DISTRIBUTION, ETC. (IMPRINT)
Place of publication, distribution, etc. Boca Raton
Name of publisher, distributor, etc. CRC Press
Date of publication, distribution, etc. 2009
300 ## - PHYSICAL DESCRIPTION
Extent xxxvi, 860p.
500 ## - GENERAL NOTE
General note Volume- II
504 ## - BIBLIOGRAPHY, ETC. NOTE
Bibliography, etc Includes bibliographies
650 #0 - SUBJECT ADDED ENTRY--TOPICAL TERM
Topical term or geographic name as entry element Construction equipment
942 ## - ADDED ENTRY ELEMENTS (KOHA)
Koha item type General Book
Holdings
Koha issues (times borrowed) Koha date last borrowed Withdrawn status Copy number Piece designation (barcode) Koha normalized classification for sorting Source of classification or shelving scheme Price effective from Damaged status Not for loan Shelving location Koha item type Lost status Date acquired Location (home branch) Koha date last seen Sublocation or collection (holding branch) Koha full call number
22015-02-10 1111002624_028020000000000_SIN_2009 2014-07-19  Circulation sectionGeneral Book 2014-07-19Central Library, BUET2016-10-08Central Library, BUET624.02802/SIN/2009
   2111000624_028020000000000_SIN_2009 2014-07-19  Acquisition sectionGeneral Book 2014-07-19Central Library, BUET2014-07-19Central Library, BUET624.02802/SIN/2009
   3111003624_028020000000000_SIN_2009 2015-06-28  Reading sectionReading Item 2015-06-28Central Library, BUET2015-06-28Central Library, BUET624.02802/SIN/2009